PRINCIPLES OF MANAGEMENT (Record no. 6348)

MARC details
000 -LEADER
fixed length control field 00316nam a2200145Ia 4500
003 - CONTROL NUMBER IDENTIFIER
control field SGT
082 ## - DEWEY DECIMAL CLASSIFICATION NUMBER
Classification number 658,GOE
100 ## - MAIN ENTRY--PERSONAL NAME
Personal name GOEL,SHELLY
245 ## - TITLE STATEMENT
Title PRINCIPLES OF MANAGEMENT
260 ## - PUBLICATION, DISTRIBUTION, ETC. (IMPRINT)
Name of publisher, distributor, etc ARYA PUBLICATION
Place of publication, distribution, etc NEW DELHI
Year of Publication 2009
300 ## - PAGE DESCRIPTION
No. of Pages 299p.
650 ## - SUBJECT ADDED ENTRY--TOPICAL TERM
Topical term or geographic name as entry element MANAGEMENT
700 ## - ADDED ENTRY--PERSONAL NAME
Personal name oel,Rajesh
942 ## - ADDED ENTRY ELEMENTS (KOHA)
Source of classification or shelving scheme Dewey Decimal Classification
Koha item type FCM Books
942 ## - ADDED ENTRY ELEMENTS (KOHA)
-- 3
Holdings
Withdrawn status Lost status Source of classification or shelving scheme Damaged status Not for loan Collection code Home library Current library Shelving location Date acquired Vendor Name Cost, normal purchase price SGTU Total Checkouts Full call number Accession No. (Barcode) Date last seen Date last borrowed Bill Date Koha item type
    Dewey Decimal Classification     COMMERCE MANAGEMENT SGT Science & Social Sciences Library SGT Science & Social Sciences Library Text Book 08/07/2016 GIFT BY DR. DILIP SINGH 140.00 SGTU 13 658,GOE CM257 04/01/2025 31/12/2024 24/03/2015 FCM Books